Dreaming : anthropological and psychological interpretations /

Bibliographic Details
Other Authors: Tedlock, Barbara
Format: Book
Language:English
Published: Cambridge ; New York : Cambridge University Press, 1987.
Series:School of American Research advanced seminar series.
Subjects:

MARC

Tag First Indicator Second Indicator Subfields
LEADER 00000cam a2200000 a 4500
001 in00000016645
005 20151007052826.0
008 861222s1987 enka b 00100 eng
010 |a  86033385  
020 |a 0521340047 
035 |a (OCoLC)15082665 
035 |9 AAA9338AM 
040 |a DNLM/DLC  |c DLC  |d TXA  |d UtOrBLW 
049 |a TXAM  |c [A12608900] 
050 0 0 |a BF1078  |b .D72 1987 
060 0 |a BF 1074 D771 
082 0 |a 154.6/3  |2 19 
245 0 0 |a Dreaming :  |b anthropological and psychological interpretations /  |c edited by Barbara Tedlock. 
264 1 |a Cambridge ;  |a New York :  |b Cambridge University Press,  |c 1987. 
300 |a xi, 297 pages :  |b illustrations ;  |c 24 cm. 
336 |a text  |b txt  |2 rdacontent 
337 |a unmediated  |b n  |2 rdamedia 
338 |a volume  |b nc  |2 rdacarrier 
490 1 |a School of American Research advanced seminar series 
500 |a "A School of American Research book." 
504 |a Bibliography: pages 263-288. 
500 |a Includes index. 
505 0 |a Dreaming and dream research / Barbara Tedlock -- Myths in dreams, thought in images / Waud Kracke -- Selfhood and discourse in Sambia dream sharing / Gilbert Herdt -- The implications of a progressive theory of dreaming / Ellen B. Basso -- Zuni and Quiché dream sharing and interpreting / Barbara Tedlock -- A semiotic of Andean dreams / Bruce Mannheim -- Ropes of sand / Michael F. Brown -- On classifying dreams / Benjamin Kilborne -- The Rarámuri stereotype of dreams / William Merrill -- The mystic revelation of Rasta Far-Eye / John Homiak -- The waking dream in ethnographic perspective / Douglass Price-Williams. 
650 0 |a Dreams. 
700 1 |a Tedlock, Barbara. 
830 0 |a School of American Research advanced seminar series. 
999 |a MARS 
999 f f |s eadfc0c7-79c4-3a54-8934-a991ec6f36f4  |i 6b99ea00-fd10-368d-b18b-4f5389e5b629  |t 0 
952 f f |p ric  |a Texas A&M University  |b Rellis Campus  |c Joint Library Facility  |d Remote Storage  |t 0  |e BF1078 .D72 1987  |h Library of Congress classification  |i unmediated -- volume  |m A14812608900 
998 f f |a BF1078 .D72 1987  |t 0  |l Remote Storage